书目信息 |
| 题名: |
走向世界的中国
|
|
| 作者: | ;全国青少年爱国主义读书教育活动编委会 编 | |
| 分册: | ||
| 出版信息: | 中国妇女出版社,新世界出版社 2002 |
|
| 页数: | 116页 | |
| 开本: | 20cm | |
| 丛书名: | ||
| 单 册: | ||
| 中图分类: | G623.1 | |
| 科图分类: | ||
| 主题词: | 教育--各级 | |
| 电子资源: | ||
| ISBN: | 7-80131-703-3 | |
| 000 | 00752nam0 2200193 450 | |
| 001 | 0638230000 | |
| 005 | 20060929103921.34 | |
| 010 | @a7-80131-703-3@dCNY4.90 | |
| 100 | @a20060929d2002 km y0chiy0120 ea | |
| 101 | 0 | @achi |
| 200 | 1 | @a走向世界的中国@Azou xiang shi jie de zhong guo@f全国青少年爱国主义读书教育活动编委会编@Fquan guo qing shao nian ai guo zhu yi du shu jiao yu huo dong bian wei hui bian |
| 210 | @c中国妇女出版社,新世界出版社@d2002 | |
| 215 | @a116页@d20cm | |
| 300 | @a小学中高年级读本(甲种本) | |
| 606 | 0 | @a教育@x各级 |
| 690 | @aG623.1@v3 | |
| 711 | 0 | @a全国青少年爱国主义读书教育活动编委会@Aquan guo qing shao nian ai guo zhu yi du shu jiao yu huo dong bian wei hui@4编 |
| 801 | 0 | @aCN@bNISOFT@c20060929 |
| 905 | @a10447@dG623.1@e224 | |
| 走向世界的中国/全国青少年爱国主义读书教育活动编委会编.-中国妇女出版社,新世界出版社,2002 |
| 116页;20cm |
| 小学中高年级读本(甲种本) |
| ISBN 7-80131-703-3:CNY4.90 |
| ● |
| 相关链接 |
|
|
|
|
正题名:走向世界的中国
索取号:G623.1/224
 
预约/预借
| 序号 | 登录号 | 条形码 | 馆藏地/架位号 | 状态 | 备注 |
| 1 | 0493687 | 204936873 | 密集书库/ [索取号:G623.1/224] | 在馆 |